|
|
|
|
| LEADER |
00000nab a2200000 a 4500 |
| 001 |
vtls000131462 |
| 003 |
SK-MaSNL |
| 005 |
20260303032246.0 |
| 008 |
220422c1982 xo 0 slo |
| 015 |
|
|
|a SNBRB19rr/mm-uuuuu
|
| 035 |
|
|
|a CL0141568
|
| 040 |
|
|
|a SNKBUCL
|b slo
|c SNKBUCL
|e AACR2
|
| 041 |
0 |
|
|a slo
|
| 044 |
|
|
|a xo
|c SK
|
| 080 |
|
|
|a 025.502:61(437.6)
|2 1981
|
| 080 |
|
|
|a 61(437.6)
|2 1981
|
| 080 |
|
|
|a 002.66
|2 1981
|
| 100 |
1 |
|
|a Fialová, Katarína
|4 aut
|9 656775
|
| 245 |
1 |
0 |
|a Prieskum informačných potrieb pracovníkov Zdravoprojektu
|c Katarína Fialová
|
| 650 |
0 |
7 |
|a informačné strediská
|2 snkbucl
|9 63914
|
| 650 |
0 |
7 |
|a potreby informačné
|2 snkbucl
|9 930355
|
| 650 |
0 |
7 |
|a používatelia
|2 snkbucl
|9 921874
|
| 655 |
|
7 |
|a články z novín a časopisov
|2 snkbucl
|9 267496
|
| 655 |
|
7 |
|a články z odboru knihovníctvo
|2 snkbucl
|9 166141
|
| 773 |
0 |
|
|t Metodický informátor pre sieť zdravotníckych knižníc a stredísk vedeckých a technických informácií
|g Roč. 17, č. 3 (1982), s. 238-240
|
| 850 |
|
|
|a Slovenská národná knižnica v Martine
|a MTA001
|
| 852 |
|
|
|a SNK
|b KIS3GCP
|
| 958 |
|
|
|a RK
|
| 958 |
|
|
|a ME
|
| 958 |
|
|
|a KL
|
| 992 |
|
|
|a RBX
|
| 999 |
|
|
|c 1663333
|d 1665263
|